|
|
|
|
| LEADER |
01002cam a2200265 7i4500 |
| 001 |
0000079362 |
| 005 |
20230823090000.0 |
| 020 |
|
|
|a 9783030817244 (electronic book)
|
| 090 |
0 |
0 |
|a P40.8
|b .P56 2022
|
| 100 |
1 |
|
|a Pilcher, Nick
|
| 245 |
1 |
0 |
|a Enhancing student support in higher education :
|b a subject-focused approach
|c Nick Pilcher, Kendall Richards.
|
| 264 |
|
|
|a Cham, Switzerland:
|b Palgrave Macmillan,
|c 2022.
|
| 300 |
|
|
|a 1 online resource (156 pages):
|b text file, PDF.
|
| 336 |
|
|
|a text
|2 rdacontent
|
| 337 |
|
|
|a computer
|2 rdamedia
|
| 338 |
|
|
|a online resource
|2 rdacarrier
|
| 650 |
|
0 |
|a Higher education and state
|
| 650 |
|
0 |
|a College students
|
| 650 |
|
0 |
|a Language and education
|
| 655 |
|
0 |
|a Electronic books
|
| 700 |
1 |
|
|a Richards, Kendall
|
| 856 |
4 |
2 |
|u http://library.unisel.edu.my/web/guest/mylibrary
|
| 997 |
|
|
|a Education & Social Sciences, Faculty
|b Language Education, Department
|
| 998 |
|
|
|a Education (TESL), Degree
|
| 999 |
|
|
|a EBO0021541
|b EBOOK
|c EBOOK
|e Electronic resources
|